Random House Webster's Spanish-English, English-Spanish dictionary / (Record no. 363391)
[ view plain ]
| 000 -LEADER | |
|---|---|
| fixed length control field | 00446nam a2200169Ia 4500 |
| 008 - FIXED-LENGTH DATA ELEMENTS--GENERAL INFORMATION | |
| fixed length control field | 200601s9999 xx 000 0 und d |
| 020 ## - INTERNATIONAL STANDARD BOOK NUMBER | |
| International Standard Book Number | 978-0-375-72196-0 |
| 050 ## - LIBRARY OF CONGRESS CALL NUMBER | |
| Classification number | REF PC 4640 |
| 050 ## - LIBRARY OF CONGRESS CALL NUMBER | |
| Item number | .R36 1999 |
| 245 #0 - TITLE STATEMENT | |
| Title | Random House Webster's Spanish-English, English-Spanish dictionary / |
| 250 ## - EDITION STATEMENT | |
| Edition statement | 2nd Edition |
| 260 ## - PUBLICATION, DISTRIBUTION, ETC. (IMPRINT) | |
| Place of publication, distribution, etc | New York : |
| 260 ## - PUBLICATION, DISTRIBUTION, ETC. (IMPRINT) | |
| Name of publisher, distributor, etc | Random House, Inc. |
| 260 ## - PUBLICATION, DISTRIBUTION, ETC. (IMPRINT) | |
| Date of publication, distribution, etc | 1999 |
| 300 ## - PHYSICAL DESCRIPTION | |
| Extent | 693 pages : |
| 300 ## - PHYSICAL DESCRIPTION | |
| Dimensions | 21 cm. |
| Withdrawn status | Lost status | Damaged status | Home library | Current library | Shelving location | Date acquired | Total Checkouts | Full call number | Barcode | Date last seen | Price effective from | Koha item type |
|---|---|---|---|---|---|---|---|---|---|---|---|---|
| South Mansfield College | South Mansfield College | Reference Section | 06/01/2020 | REF PC 4640 .R36 1999 | SMC05449 | 06/01/2020 | 06/01/2020 | Books |